000 00323nam a22001457a 4500
008 210301b ||||| |||| 00| 0 eng d
020 _a9780803619111
041 _aeng
080 _211th
_a610.73
082 _a610.73
100 _a1
101 _aINF
245 _aDrug Guide for Nurses
_cDeglin, J.H
942 _2udc
_cBK
999 _c55389
_d55389